ბათუმის შოთა რუსთაველის სახელმწიფო უნივერსიტეტის ბიბლიოთეკა

სახამებლის,მისი გადამუშავების პროდუქტების,თაფლის,შაქრის,საკონდიტრო ნაწარმის საქონელმცოდნეობა. (ბიბ.ჩანაწერი № 44349)

000 -LEADER
fixed length control field 01281nam a2200241Ia 4500
001 - CONTROL NUMBER
control field 11110
003 - CONTROL NUMBER IDENTIFIER
control field GE_BSU
008 - FIXED-LENGTH DATA ELEMENTS--GENERAL INFORMATION
fixed length control field 181216s||||||||xx |||||||||||||| ||und||
040 ## - CATALOGING SOURCE
Transcribing agency GE_BSU
080 ## - UNIVERSAL DECIMAL CLASSIFICATION NUMBER
Universal Decimal Classification number 664.002.6(075.8)
100 ## - MAIN ENTRY--PERSONAL NAME
Personal name ჩოგოვაძე,შოთა
245 ## - TITLE STATEMENT
Title სახამებლის,მისი გადამუშავების პროდუქტების,თაფლის,შაქრის,საკონდიტრო ნაწარმის საქონელმცოდნეობა.
245 ## - TITLE STATEMENT
Remainder of title სახელმძღვ.უნ-ტის სტუდენტთათვის.
245 ## - TITLE STATEMENT
Statement of responsibility, etc. რედ:დ.ბახტაძე.
250 ## - EDITION STATEMENT
Edition statement მეორე გადამუშავებული გამოც.
260 ## - PUBLICATION, DISTRIBUTION, ETC.
Place of publication, distribution, etc. თბილისი.
260 ## - PUBLICATION, DISTRIBUTION, ETC.
Name of publisher, distributor, etc. თბილისის უნ–ტის გამ–ბა.
260 ## - PUBLICATION, DISTRIBUTION, ETC.
Date of publication, distribution, etc. 1986.
300 ## - PHYSICAL DESCRIPTION
Extent 329გვ;21სმ.
300 ## - PHYSICAL DESCRIPTION
Accompanying material ცხრ.
653 ## - INDEX TERM--UNCONTROLLED
Uncontrolled term სახამებლის,მისი გადამუშვაების პროდუქტების,თაფლის,შაქრის,საკონდიტრო ნაწარმის საქონელმცოდნეობა.
942 ## - ADDED ENTRY ELEMENTS (KOHA)
Koha item type წიგნი
ეგზემპლარები
Withdrawn status Lost status Damaged status Not for loan Date acquired Barcode Date last seen Price effective from Koha item type
        2018-12-17 19274 2018-12-17 2018-12-17 წიგნი
        2018-12-17 19275 2018-12-17 2018-12-17 წიგნი
        2018-12-17 19276 2018-12-17 2018-12-17 წიგნი
        2018-12-17 19277 2018-12-17 2018-12-17 წიგნი
        2018-12-17 19278 2018-12-17 2018-12-17 წიგნი